[Event "Spring Chess Classic-A 2022"]
[Site "Saint Louis"]
[Date "2022.03.08"]
[Round "7.8"]
[White "Antipov, Mikhail Al."]
[Black "Niemann, Hans Moke"]
[Result "0-1"]
[WhiteElo "2615"]
[BlackElo "2642"]
[Annotator "TA"]
[PlyCount "88"]
[EventDate "2022.03.02"]
[EventType "tourn"]
[EventCountry "USA"]
[SourceTitle "playchess.com"]
[Source "ChessBase"]
[SourceQuality "1"]

{[%evp 12,88,20,6,7,0,0,13,7,12,21,23,22,15,25,24,16,20,17,10,22,6,15,25,19,10,26,12,6,20,22,23,30,16,23,0,0,-12,-1,-2,0,0,0,-4,0,-8,-8,-12,-8,-6,-11,-68,-60,-57,-57,-125,-143,-244,-243,-219,-124,-133,-134,-118,-63,-74,-83,-268,-261,-245,-212,-611,-604,-560,-526,-861,-847,-1679,-1635]} 1. e4 e5 2. Nf3 Nc6 3. Bc4 Nf6 4. d3 Bc5 5. O-O O-O 6. Nbd2 d6 7. c3 a5 {C54: Giuoco Piano: 4 c3 Nf6, main lines with 5 d4 and 5 d3.} 8. h3 h6 $1 {8...h6 scores better than 8...Be6.} 9. Re1 Be6 {The position is equal.} 10. Bb5 Nd7 {[#]} 11. Ba4 $146 ({Predecessor:} 11. Nf1 f5 12. exf5 Bxf5 13. Ng3 Bg6 14. d4 exd4 15. cxd4 Bb6 16. a3 Nf6 17. Bc4+ {0-1 (63) Navara,D (2758)-Deac,B (2605) Riga 2021}) 11... Re8 12. Nf1 {White wants to play d4.} d5 13. exd5 Bxd5 14. Ne3 Bxe3 15. Bxe3 f5 16. Bb3 Nf6 17. d4 e4 18. Ne5 Bxb3 19. Qxb3+ Qd5 {[#]} 20. Nd7 $1 {aiming for Nxf6+.} Qxb3 (20... Kf7 21. Nxf6) 21. Nxf6+ Kf7 22. axb3 {[%cal Ba2b3,Bb3b4,Bb4b5][%mdl 32]} Kxf6 23. Bf4 (23. d5 $5 {[%cal Rd5c6]} Ne5 24. Bd4 $11) 23... Re7 24. b4 g5 25. Bd2 Ree8 {Threatening ...axb4.} 26. b5 Ne7 27. c4 b6 28. f3 exf3 29. gxf3 f4 30. d5 Nf5 31. c5 ({Better is} 31. Bc3+ $11 Kf7 32. Kf2) 31... Nd4 32. Rxe8 Rxe8 $15 {[%mdl 4096] Endgame KRB-KRN} 33. Bc3 (33. cxb6 $1 $15 Nxf3+ 34. Kf2 Nxd2 35. bxc7 Ne4+ 36. Kf3 Nd2+ 37. Kf2 Ne4+ 38. Kf3 Nd2+ 39. Kf2) 33... bxc5 $17 34. Rxa5 {[#]} (34. Kf2 $17 {was worth a try.}) 34... Ke5 $1 $19 35. Ra6 h5 (35... Kxd5 $19 {White must now prevent ...h5.} 36. Rxh6 Re3) 36. Rh6 h4 37. Rg6 Kxd5 (37... Kf5 $17 38. Rg7 Nxb5 39. Rf7+ Kg6 40. Rf6+ Kh5) 38. Rxg5+ $15 Kc4 {Black is more active.} 39. Rg4 $2 {[#] This move loses the game for White.} (39. Rh5 $17) 39... Kd3 $1 $19 {Strongly threatening ...Ke3.} (39... Nxf3+ 40. Kf2 Nd4 41. Rxf4 $11) ({Stronger than} 39... Kxb5 40. Kf1 $11) 40. Kf1 Ke3 ({And not} 40... Nxb5 41. Be1 $17) 41. Rg2 $2 (41. Ba5 Kxf3 42. Bxc7 Nxb5 43. Rxf4+ Kg3 44. Rf7+ Kxh3 45. Bb6) 41... Kxf3 {Black is clearly winning.} 42. Rf2+ Kg3 43. Rg2+ Kxh3 44. Rg5 Nf3 {Weighted Error Value: White=0.41/Black=0.07 (flawless)} 0-1

[Event "Spring Chess Classic-A 2022"]
[Site "Saint Louis"]
[Date "2022.03.08"]
[Round "7.9"]
[White "Swiercz, Dariusz"]
[Black "Nyzhnyk, Illya"]
[Result "1/2-1/2"]
[WhiteElo "2656"]
[BlackElo "2674"]
[Annotator "TA"]
[PlyCount "74"]
[EventDate "2022.03.02"]
[EventType "tourn"]
[EventCountry "USA"]
[SourceTitle "playchess.com"]
[Source "ChessBase"]
[SourceQuality "1"]

{[%evp 14,74,23,24,42,0,3,0,13,13,0,8,22,22,25,21,20,29,45,0,0,0,0,0,0,0,0,0,15,27,38,38,51,52,50,47,64,63,77,31,33,8,10,0,0,0,0,0,0,0,0,0,0,0,0,0,0,0,0,0,0,0,0]} 1. d4 d5 2. c4 c6 3. Nf3 Nf6 4. e3 e6 5. Bd3 Nbd7 6. O-O Bd6 7. Nc3 dxc4 8. Bxc4 b5 {8...0-0 is vanishing. D46: Semi-Slav: 5 e3 Nbd7 6 Bd3, Black avoids the Meran.} 9. Bd3 {9.Bb3 injects fresh life into this line.} (9. Bb3 $14) 9... Bb7 10. b3 a6 11. a4 O-O 12. Bb2 h6 {[#]} 13. Rc1 $146 ({Predecessor:} 13. Qe2 Re8 14. Rfd1 Qe7 15. Ne4 Nxe4 16. Bxe4 Nf6 17. Bd3 Nd5 18. h3 Red8 19. Rac1 {½-½ (80) Gordievsky,D (2474)-Jakovenko,D (2713) Khanty-Mansiysk 2013}) 13... Re8 14. Ne4 Nxe4 15. Bxe4 Qb6 16. Rc2 (16. Ne5 $14 {might be stronger.} Bxe5 17. dxe5) 16... Bf8 $11 17. Qe2 c5 18. Bxb7 Qxb7 19. Rfc1 Rec8 20. Ba3 {[%cal Ra3c5]} b4 21. Bb2 cxd4 22. Bxd4 f6 23. e4 e5 24. Be3 $1 Rxc2 25. Qxc2 Bc5 $1 {[%cal Og8h7]} 26. Bxc5 (26. Qc4+ $16 Kh7 27. Qd5 (27. Bxc5 Rc8 $11) 27... Qxd5 28. exd5 Bxe3 29. fxe3) 26... Rc8 $1 $14 {[#]} 27. Qd3 $1 {Black must now prevent Be3.} Nxc5 {[%cal Bd7c5,Bc5b3,Bb3c1][%mdl 32] The position is equal.} 28. Qc4+ Kh7 $1 {...Rc7 is the strong threat.} 29. Ne1 Qb6 {[%cal Oc5d3] Strongly threatening ...Nd3!} 30. Nc2 Nxb3 31. Qxc8 ({Don't go for} 31. Qxb3 $2 Rc3 32. Qb2 Qc5 $19) 31... Nxc1 32. Qf5+ Kg8 33. Qc8+ Kh7 {[#] aiming for ...Qd6.} 34. Qf5+ Kg8 35. Qc8+ Kh7 {And now ...Qd6 would win.} 36. Qf5+ Kg8 37. Qc8+ Kh7 {Weighted Error Value: White=0.06 (flawless) /Black=0.04 (flawless)} 1/2-1/2

[Event "Spring Chess Classic-A 2022"]
[Site "Saint Louis"]
[Date "2022.03.08"]
[Round "7.10"]
[White "Hakobyan, Aram"]
[Black "Robson, Ray"]
[Result "1/2-1/2"]
[WhiteElo "2601"]
[BlackElo "2676"]
[Annotator "TA"]
[PlyCount "115"]
[EventDate "2022.03.02"]
[EventType "tourn"]
[EventCountry "USA"]
[SourceTitle "playchess.com"]
[Source "ChessBase"]
[SourceQuality "1"]

{[%evp 9,115,13,18,11,9,0,14,0,22,0,0,-2,0,0,13,10,14,6,10,0,20,20,15,15,18,10,14,12,16,18,22,-16,0,0,-9,-33,-10,-15,-18,-19,-25,-30,-28,-18,-29,-19,0,-29,-24,-18,0,0,16,9,19,17,20,20,20,22,19,0,0,0,10,0,15,4,16,0,12,16,15,11,12,7,12,0,35,48,97,101,102,83,42,42,58,70,239,212,158,189,359,321,766,744,882,885,926,844,910,635,882,701,737,208,6183,5353]} 1. e4 e5 2. Nf3 Nc6 3. Bb5 Nf6 4. d3 Bc5 5. c3 d5 6. Nbd2 {C65: Ruy Lopez: Berlin Defence (3...Nf6), unusual lines and 4 0-0 Bc5.} dxe4 7. dxe4 O-O 8. O-O {The position is equal.} a5 9. Qc2 {Recently 9.a3 got a lot of attention.} (9. Bxc6 {is more complex.} bxc6 10. Nxe5 Re8 11. Nb3 Qxd1 12. Rxd1 Bb6 13. Nc4) 9... Qe7 10. h3 Rd8 11. a4 Na7 12. Bc4 h6 13. Re1 Nc6 14. Bb5 {[#]} Na7 $146 ({Predecessor:} 14... Be6 15. Nb3 Bd6 16. Be3 Nb8 17. Rad1 Nbd7 18. Nfd2 Nc5 19. Nc1 Rab8 20. Bc4 Bd7 21. b3 b6 22. Ne2 Qe8 {½-½ (38) Kukk,R (2584)-Szczepanski,Z (2541) ICCF email 2014}) 15. Bf1 Nc6 16. Nc4 {[%cal Bd2c4,Bc4e3,Be3f5][%mdl 32]} Nh5 17. Ne3 Nf4 {Prevents Nd5.} 18. Nf5 Qf6 19. g3 Ng6 20. Nd2 (20. Nh2 $5 {[%cal Rh2g4]}) 20... Nge7 {[%cal Re7f5]} 21. Ne3 Be6 22. Bg2 Qg6 23. Ndf1 Rd7 24. b3 f6 25. Ba3 Bxa3 26. Rxa3 Rad8 27. Nc4 Qh5 28. Kh2 Kh8 29. Nfe3 Qf7 30. Raa1 Qh5 31. Bf1 Qf7 32. Rad1 Qh5 33. Rxd7 Rxd7 34. h4 Qe8 (34... b6 {feels hotter.} 35. Nd2 Kg8 36. Be2 Qf7 37. Bb5 Kf8) 35. Bh3 Bxh3 36. Kxh3 b6 37. Qe2 Kg8 38. Kg2 Kf8 39. h5 Qa8 40. Rd1 Qd8 41. Rxd7 Qxd7 42. Qf3 Ke8 43. Nd5 Kd8 44. Nce3 Kc8 (44... Ke8 $14 {might be stronger.}) 45. Qe2 $16 {White is more active.} Nxd5 46. Qa6+ ({Don't play} 46. Nxd5 $6 Kb7 $11) 46... Kb8 47. exd5 Ne7 48. Qb5 Qxb5 {This move loses the game for Black.} ({Black should try} 48... Qd6 $14) 49. axb5 $14 {[%mdl 4096] Endgame KN-KN} Kc8 50. Kf3 $1 Kd7 $2 {[#]} (50... f5 {was worth a try.}) 51. Ke4 $1 $18 Nc8 $2 {[#]} (51... Kd6 52. Nf5+ Nxf5 53. Kxf5 Kxd5) 52. Nf5 $1 Nd6+ 53. Nxd6 cxd6 54. Kf5 {Kg6 would kill now.} Ke7 55. Kg6 Kf8 56. c4 Kg8 57. Kf5 $2 (57. f3 Kf8 58. c5 dxc5 59. d6) 57... e4 $2 (57... Kf7 58. f3 Ke7) 58. Kxe4 {[%mdl 32768] Weighted Error Value: White=0.20 (precise) /Black=0.19 (very precise) . An unexpected result.} 1/2-1/2

[Event "Spring Chess Classic-A 2022"]
[Site "Saint Louis"]
[Date "2022.03.09"]
[Round "8.6"]
[White "Sevian, Samuel"]
[Black "Robson, Ray"]
[Result "1-0"]
[WhiteElo "2684"]
[BlackElo "2676"]
[Annotator "TA"]
[PlyCount "67"]
[EventDate "2022.03.02"]
[EventType "tourn"]
[EventCountry "USA"]
[SourceTitle "playchess.com"]
[Source "ChessBase"]
[SourceQuality "1"]

{[%evp 15,66,0,17,20,19,5,7,19,22,24,18,12,25,0,0,-15,0,0,0,0,0,-16,134,147,250,236,234,240,239,258,254,253,255,252,250,221,296,258,286,286,270,265,265,257,306,280,352,327,29985,29986,29998,29999,29999]} 1. c4 e5 2. Nc3 Nf6 3. Nf3 Nc6 4. g3 d5 5. cxd5 Nxd5 6. Bg2 Bc5 7. O-O O-O 8. d3 h6 9. Nxd5 {A29: English Opening: Four Knights Variation with 4 g3.} Qxd5 10. Bd2 a5 11. Bc3 {[%cal Of3e5] Hoping for Nxe5! The position is equal.} Qe6 {[#]} 12. Nd2 $5 $146 {[%cal Bf3d2,Bd2c4,Bc4a5,Ba5c6][%mdl 8] New and interesting.} ({Predecessor:} 12. Qb3 Qe7 13. e3 a4 14. Qc4 Be6 15. Qe4 f5 16. Qh4 Qxh4 17. Nxh4 Rfd8 18. Rfd1 {½-½ (30) Artemiev,V (2699)-Vachier Lagrave,M (2763) chess24.com INT 2021}) 12... a4 13. Nc4 f6 14. Rc1 Rd8 15. Qd2 Qe7 16. Qc2 Ra6 17. Bxc6 bxc6 18. Na5 {[#] Threatens to win with Be1.} Bh3 (18... Qf7 $11) 19. Be1 $16 {White now steadily converts the win.} Rb6 (19... e4 $16 {was necessary.}) 20. Qxc5 $18 Qxc5 21. Rxc5 Rxb2 22. Nxc6 Rd7 23. Bc3 Rxe2 24. Nb4 e4 (24... Bxf1 $2 25. Kxf1 Rxa2 26. Nxa2 $18) 25. Re1 exd3 {[#] Strongly threatening ...d2.} 26. Rxe2 dxe2 27. f3 Rd1+ 28. Kf2 Rh1 29. Be1 g5 30. g4 h5 31. Nd5 ({Not} 31. Kxe2 Rxh2+ 32. Ke3 hxg4 $18) ({Less strong is} 31. Rxc7 hxg4 32. fxg4 (32. Kxe2 gxf3+ 33. Kxf3 Rxe1 $17) 32... Bxg4 $16) ({Don't play} 31. gxh5 g4 32. Nd3 (32. Kxe2 gxf3+ 33. Kxf3 Rxe1 $11) (32. Rxc7 Rf1+ 33. Kxe2 gxf3+ 34. Kd2 f2 $11) 32... Rxh2+ 33. Ke3 Rh1 $18) 31... h4 $2 (31... Kf7 $18 32. gxh5 Bd7 33. Rxc7 Ke6) 32. Rxc7 {White mates.} Bf1 33. Nxf6+ Kf8 34. Bb4# {Weighted Error Value: White=0.04 (flawless) /Black=0.54} 1-0

[Event "Spring Chess Classic-A 2022"]
[Site "Saint Louis"]
[Date "2022.03.09"]
[Round "8.7"]
[White "Nyzhnyk, Illya"]
[Black "Hakobyan, Aram"]
[Result "1-0"]
[WhiteElo "2674"]
[BlackElo "2601"]
[Annotator "TA"]
[PlyCount "66"]
[EventDate "2022.03.02"]
[EventType "tourn"]
[EventCountry "USA"]
[SourceTitle "playchess.com"]
[Source "ChessBase"]
[SourceQuality "1"]

{[%evp 13,66,0,0,0,-10,0,0,0,0,0,0,-27,-15,-10,-19,-23,0,0,0,0,0,6,6,7,8,8,25,11,18,7,99,104,245,242,323,323,323,323,367,368,362,370,366,365,370,358,365,333,385,374,513,491,578,567,547]} 1. Nf3 d5 2. d4 Nf6 3. c4 e6 4. Qc2 Be7 5. g3 O-O 6. Bg2 c5 7. dxc5 $1 {[%mdl 4] is recently more successful than 7.0-0.} Qa5+ 8. Bd2 {E06: Closed Catalan: Early deviations.} Qxc5 9. Na3 {To avoid b5} Nc6 10. cxd5 {The position is equal.} Qxc2 11. Nxc2 Nxd5 {[#]} 12. O-O-O $146 ({Predecessor:} 12. O-O Rd8 13. Rfd1 Bd7 14. Nfe1 Be8 15. Nd3 Rac8 16. Rac1 b6 17. Kf1 Kf8 18. f4 {1-0 (61) Artemiev,V (2682)-Michalik,P (2558) Minsk 2017}) 12... Bd7 13. Kb1 Rfd8 14. Bg5 Kf8 (14... f6 $5 {[%cal Rf6g5]} 15. Bc1 Nb6 $11) 15. Bxe7+ Kxe7 16. Nfd4 Nxd4 17. Nxd4 {[%cal Bc2d4,Bd4e2,Be2c3][%mdl 32]} Ba4 18. Rc1 Kf6 19. Rc5 Nb6 20. e3 e5 21. Ne2 Rd2 (21... Rac8 $1 $11 22. Rxc8 Rxc8) 22. Nc3 $36 {[%mdl 2048] Black must now prevent Ne4+. Keeping Black busy.} Bc2+ {[#] This costs Black the game.} (22... Kg6 $16) 23. Kc1 $1 $18 Rxf2 24. Be4 Ba4 25. Bxb7 Rc2+ 26. Kb1 Rxc3 27. Rxc3 ({Stronger than} 27. bxc3 Rb8 28. Rc7 (28. Rf1+ Ke6 $15) 28... Nd5 29. Rf1+ Ke6 30. Rcxf7 Bc6 31. Rxg7 Rxb7+ 32. Rxb7 Bxb7 $15) 27... Rd8 28. b3 Bb5 {Inhibits Rf1+.} 29. Kc2 Be2 30. e4 Rd4 31. a4 Rb4 32. Re1 Bg4 33. Rf1+ Ke7 {Weighted Error Value: White=0.03 (flawless) /Black=0.27 (precise)} 1-0

[Event "Spring Chess Classic-A 2022"]
[Site "Saint Louis"]
[Date "2022.03.09"]
[Round "8.8"]
[White "Niemann, Hans Moke"]
[Black "Swiercz, Dariusz"]
[Result "0-1"]
[WhiteElo "2642"]
[BlackElo "2656"]
[Annotator "TA"]
[PlyCount "150"]
[EventDate "2022.03.02"]
[EventType "tourn"]
[EventCountry "USA"]
[SourceTitle "playchess.com"]
[Source "ChessBase"]
[SourceQuality "1"]

{[%evp 16,150,10,25,8,18,34,6,13,2,9,2,17,0,0,2,0,-73,-81,-104,-74,-73,-64,-102,-99,-103,-104,-106,-104,-144,-140,-154,-66,-150,-154,-150,-162,-166,-166,-187,-100,-103,-97,-98,-79,-162,-155,-131,-147,-139,-141,-206,-213,-223,-203,-224,-220,-199,-227,-243,-238,-232,-169,-178,-180,-204,-185,-216,-205,-186,-120,-131,-114,-126,-68,-105,-103,-100,-79,-125,-122,-114,-136,-275,-257,-279,-265,-352,-212,-182,0,-354,-300,-267,-251,-255,-264,-248,-247,-483,-478,-560,-615,-615,-545,-579,-551,-537,-540,-616,-604,-583,-336,-320,0,-589,-590,-681,-684,-761,-741,-662,-506,-764,-472,-908,-905,-825,-796,-773,-662,-1606,-1555,-1796,-1615,-1383,-1343]} 1. e4 e5 2. Nf3 Nc6 3. Bb5 a6 4. Ba4 Nf6 5. O-O Be7 6. Re1 b5 7. Bb3 O-O 8. h3 Bb7 9. d3 d5 $1 {[%mdl 4] outshines the older 9...d6. C88: Closed Ruy Lopez: Anti-Marshall Systems.} 10. exd5 Nxd5 11. Nbd2 f6 {The position is equal. has lost popularity (11...Qd7).} 12. c3 Kh8 13. Ne4 Qd7 {[#]} 14. Nh4 $146 {Black should prevent Qh5.} ({Predecessor:} 14. Ng3 Rad8 15. Bc2 f5 16. a3 Bd6 17. Bb3 Nf6 18. a4 b4 19. a5 e4 20. Ng5 {0-1 (57) Lanka,Z (2377)-Buckels,V (2459) Schwaebisch Gmuend 2020}) 14... Rad8 15. Qh5 {Ng6+ is the strong threat.} Qe8 {Inhibits Ng6+.} 16. Qg4 (16. Qf3 $11) 16... Bc8 $1 $17 17. Qf3 Nf4 18. Bxf4 exf4 19. Qxf4 g5 20. Qxc7 gxh4 21. d4 Qd7 22. Qf4 Na5 $1 {[%cal Bc6a5,Ba5c4,Bc4d2][%mdl 32]} ({Worse is} 22... f5 23. Ng5 $11) 23. Bd1 Rg8 (23... Nc4 $17 24. b3 Nb6) 24. Bf3 (24. Nxf6 $15 Bxf6 25. Qxf6+ Qg7 26. Qxg7+ Rxg7 27. Kh1) 24... Qf5 25. Qxf5 Bxf5 26. Kh1 Nc4 27. b4 Bxe4 (27... Bd6 $19 28. Nxd6 Nxd6) 28. Rxe4 Bd6 29. Rxh4 Nd2 30. Bc6 (30. Be2 $17 {was necessary.}) 30... Rc8 $1 $19 31. d5 f5 {Black is more active.} 32. Bd7 Rcf8 33. Be6 (33. Rh5 $17 {keeps fighting.}) 33... Rg7 34. f3 Nc4 35. Rd4 Be5 36. Rd3 Rc7 37. Re1 Bg3 38. Rf1 Bd6 {And now ...Ne5 would win.} 39. f4 h5 40. h4 Kh7 41. Kh2 Nb2 42. Rg3 Rg7 (42... Kh6 $19 43. Rg5 Nc4) 43. Rg5 $17 Rxg5 44. hxg5 Na4 (44... Kg6 $1 $17 {Strongly threatening ...Nd3.} 45. g3 Re8) 45. Rf3 Kg6 46. g3 Re8 47. Re3 (47. Kh3 $142) 47... Re7 {[%cal Oh5h4] Threatens to win with ...h4!} 48. Kh3 Nb6 $1 {[%cal Ob6d5]} ({Reject} 48... Rc7 $6 49. Bc8 Re7 50. Rd3 $11) 49. Rd3 (49. Rf3 $17) 49... Nc4 $19 50. Rd1 Rc7 $1 51. Bg8 Kg7 52. Be6 Kg6 $2 (52... h4 $1 53. gxh4 Nb2) 53. Bg8 $1 Ne3 54. Rd3 Ng4 55. Kg2 {[#] Inhibits Nf2.} Rc4 $1 56. Be6 {[#]} Re4 $1 57. Rd2 $2 (57. Bd7) 57... Re3 58. Bc8 h4 59. gxh4 Bxf4 60. Rd4 Be5 61. Rd2 Rxc3 62. Bd7 Rg3+ 63. Kf1 Rf3+ 64. Kg2 Rg3+ $2 (64... Rf4 {( -> ...Ne3+)} 65. Be8+ Kg7) 65. Kf1 Bd6 {Black is clearly winning.} 66. Be8+ Kg7 67. h5 f4 {White must now prevent ...Rf3+.} 68. h6+ Kf8 69. Bg6 (69. Bh5 $142 Ne3+ 70. Ke2) 69... Nxh6 {aiming for ...Ng4.} 70. gxh6 (70. Rg2 $142 Rf3+ 71. Rf2 Rxf2+ 72. Kxf2 Ng4+ 73. Kg1) 70... Rxg6 {KRB-KR} 71. Rh2 Kg8 72. h7+ Kh8 73. a3 Rg5 74. Rh6 Rxd5 {Hoping for ...f3.} 75. Ke2 Rd4 {Weighted Error Value: White=0.28 (precise) /Black=0.15 (very precise)} 0-1

[Event "Spring Chess Classic-A 2022"]
[Site "Saint Louis"]
[Date "2022.03.09"]
[Round "8.9"]
[White "Lenderman, Aleksandr"]
[Black "Antipov, Mikhail Al."]
[Result "1/2-1/2"]
[WhiteElo "2600"]
[BlackElo "2615"]
[Annotator "TA"]
[PlyCount "117"]
[EventDate "2022.03.02"]
[EventType "tourn"]
[EventCountry "USA"]
[SourceTitle "playchess.com"]
[Source "ChessBase"]
[SourceQuality "1"]

{[%evp 18,117,0,0,0,0,0,0,0,0,0,-2,20,21,26,26,26,28,70,67,55,39,108,112,106,102,119,83,84,69,75,68,72,75,81,47,66,40,54,40,44,44,45,45,54,46,54,54,54,54,54,54,54,28,28,24,25,15,15,15,27,15,15,9,41,41,41,41,41,41,41,0,41,41,41,0,41,41,41,41,41,41,41,41,41,41,41,41,41,41,41,0,0,0,41,0,9,0,0,0,0,0]} 1. d4 Nf6 2. c4 g6 3. Nf3 Bg7 4. Nc3 d5 5. h3 O-O 6. cxd5 Nxd5 7. e4 Nxc3 8. bxc3 c5 9. Be2 Nc6 10. Be3 cxd4 {D85: Exchange Grünfeld: Unusual White 7th moves and lines with 7 Nf3.} 11. cxd4 Qa5+ 12. Bd2 Qa3 13. d5 Ne5 {Black wants to play ...Nd3+.} 14. Rb1 Bd7 {[#] Threatens to win with ...Ba4.} 15. Nxe5 Bxe5 16. Rxb7 Ba4 17. Qc1 $36 {[%mdl 2048] [#] Black is under pressure.} Qxc1+ $146 (17... Qxa2 $11 18. Bc4 (18. Rxe7 $2 Rac8 $19) 18... Qc2 19. Qxc2 (19. Rxe7 $2 Qxe4+ 20. Be3 Qxg2 $19) 19... Bxc2) ({Predecessor:} 17... Qxa2 18. Bc4 Qc2 19. Qxc2 Bxc2 20. O-O Bd6 21. Re1 Rfb8 22. Rxb8+ Rxb8 23. e5 Bb4 24. Bxb4 Rxb4 {½-½ (41) Zimmerman,Y (2386)-Gara,T (2322) Budapest 2001}) 18. Bxc1 $14 Rab8 19. Rxb8 $1 (19. Rxe7 $2 Bc3+ 20. Kf1 Rb1 $19) 19... Bc3+ {[#]} (19... Rxb8 $14 20. O-O Bc2) 20. Kf1 $1 $16 {[%cal Be1f1,Bf1g1,Bg1h2][%mdl 32]} ({Don't do} 20. Bd2 Rxb8 21. Bd3 (21. Bxc3 Rb1+ 22. Kd2 Rxh1 $11) 21... Bb5 $14) 20... Rxb8 21. Bd3 {Prevents Rb1.} Bd1 22. Kg1 Bb2 23. Be3 Rc8 $1 24. Kh2 Bc2 25. Bxc2 Rxc2 {[%mdl 4096] Endgame KRB-KRB} 26. Rd1 Rc4 27. f3 Ra4 28. Bc5 Be5+ 29. Kg1 Kf8 30. Rd2 h5 31. Kf2 h4 32. Ke3 g5 {Hoping for ...Bf4+.} 33. Kd3 Ke8 34. Rc2 Kd7 35. a3 Bd6 $1 36. Rc4 Ra6 37. Bb4 Bxb4 38. axb4 $11 {KR-KR} Ra3+ 39. Rc3 Ra4 ({Don't take} 39... Ra2 40. Rc2 Ra4 41. b5 $16) 40. e5 Rxb4 41. Ra3 Rb2 42. Rxa7+ Ke8 43. Ra8+ $1 Kd7 44. Ra7+ (44. Ke4 $5 {[%cal Ra8f8]} Re2+ 45. Kf5 Rxg2 46. Rf8 $16) 44... Ke8 45. Ke4 {Ra8+ is the strong threat.} Rxg2 46. Ra8+ $1 Kd7 47. Rf8 $1 Re2+ $1 48. Kf5 Re3 49. e6+ $1 fxe6+ 50. dxe6+ Kd6 51. Kxg5 Kxe6 52. Kxh4 Re1 53. Kh5 Rg1 54. h4 (54. Rf4 $1 $14 {deserves consideration.}) 54... Kd7 55. Rf5 Ke8 (55... Rg3 $11) 56. Kh6 (56. Rg5 $1 $14 Rh1 57. Rf5) 56... e6 {The position is equal.} 57. Rf4 Rg3 58. h5 Ke7 59. Kh7 {Weighted Error Value: White=0.06 (flawless) /Black=0.06 (flawless)} 1/2-1/2

[Event "Spring Chess Classic-A 2022"]
[Site "Saint Louis"]
[Date "2022.03.09"]
[Round "8.10"]
[White "Dragun, Kamil"]
[Black "Xiong, Jeffery"]
[Result "0-1"]
[WhiteElo "2590"]
[BlackElo "2686"]
[Annotator "TA"]
[PlyCount "52"]
[EventDate "2022.03.02"]
[EventType "tourn"]
[EventCountry "USA"]
[SourceTitle "playchess.com"]
[Source "ChessBase"]
[SourceQuality "1"]

{[%evp 13,52,18,18,14,15,17,21,22,25,19,33,14,28,-20,-14,-51,-29,-61,-50,-133,-104,-188,-167,-136,-152,-215,-216,-218,-175,-185,-199,-300,-150,-476,-465,-469,-472,-530,-537,-862,-818]} 1. c4 e6 2. Nc3 d5 3. d4 Nf6 4. cxd5 exd5 5. Bg5 c6 6. e3 Bd6 7. Bd3 O-O 8. Nge2 {D35: Queen's Gambit Declined: Exchange Variation.} Re8 9. Qc2 {[%cal Od3h7] Black should prevent Bxh7+!} h6 10. Bh4 {The position is equal.} a5 11. h3 Na6 {[%cal Bb8a6,Ba6c7,Bc7e6][%mdl 32]} 12. a3 {To avoid Nb4} Nc7 13. g4 (13. O-O {is more appropriate.}) 13... Ne6 $11 {[#]} 14. f3 $146 ({Predecessor:} 14. Kf1 Be7 15. Kg2 c5 16. dxc5 Nxc5 17. Bb5 Rf8 18. Rad1 Qb6 19. Nd4 Rd8 20. f3 {1-0 (60) Sorokin,A (2537)-Javakhadze,Z (2441) Irving 2019}) 14... b5 {[%cal Bb7b5,Bb5b4][%mdl 32]} 15. e4 dxe4 16. fxe4 (16. Nxe4 $15 Nf4 17. O-O) 16... Be7 17. Bf2 (17. e5 $17) 17... Bb7 $1 $19 18. e5 Nd7 ({But not} 18... Nd5 $6 19. Nxd5 Qxd5 20. Bh7+ Kh8 21. Be4 $11) 19. Be4 (19. Rd1 $17) 19... b4 20. Na4 Qc7 {...c5 is the strong threat.} 21. h4 {[#]} c5 $1 {[%cal Ob4b3,Bc6c5,Bc5d4][%mdl 32] And now ...b3! would win.} 22. Rc1 (22. d5 $142 Nef8 23. g5) 22... Bc6 (22... Qb8 $19 23. d5 Nd4 24. Nxd4 (24. Bxd4 $2 cxd4 25. e6 fxe6 $19) 24... cxd4 25. Bxd4 {[#]} Bf6 $1 {[%mdl 512]}) 23. b3 $2 {This move loses the game for White.} (23. O-O $17 {is a better chance.} Qb7 24. Bxc6 Qxc6 25. Bg3) 23... Qb7 {Black is clearly winning.} 24. Bxc6 Qxc6 25. Rf1 Qd5 {[%cal Rc5d4]} 26. axb4 cxd4 {Weighted Error Value: White=0.59/Black=0.11 (very precise)} 0-1